Jリーグのクラブ - Statistics

General Stats
  • This quiz has been taken 549 times
  • The average score is 32 of 60
Answer Stats
都道府県 チーム名 % Correct
北海道 北海道コンサドーレ札幌
77%
大阪府 ガンバ大阪
77%
茨城県 鹿島アントラーズ
74%
東京都 FC東京
74%
千葉県 柏レイソル
72%
神奈川県 川崎フロンターレ
72%
神奈川県 横浜F・マリノス
72%
愛知県 名古屋グランパス
70%
大阪府 セレッソ大阪
70%
宮城県 ベガルタ仙台
69%
広島県 サンフレッチェ広島
69%
埼玉県 大宮アルディージャ
68%
神奈川県 横浜FC
68%
静岡県 清水エスパルス
65%
佐賀県 サガン鳥栖
65%
静岡県 ジュビロ磐田
64%
神奈川県 湘南ベルマーレ
62%
東京都 東京ヴェルディ
61%
新潟県 アルビレックス新潟
61%
福岡県 アビスパ福岡
61%
埼玉県 浦和レッドダイヤモンズ
60%
兵庫県 ヴィッセル神戸
60%
福島県 いわきFC
60%
京都府 京都サンガF.C.
60%
茨城県 水戸ホーリーホック
59%
長野県 松本山雅FC
57%
大分県 大分トリニータ
56%
山形県 モンテディオ山形
55%
東京都 FC町田ゼルビア
55%
山梨県 ヴァンフォーレ甲府
54%
香川県 カマタマーレ讃岐
51%
大阪府 FC大阪
50%
栃木県 栃木SC
50%
群馬県 ザスパクサツ群馬
49%
岐阜県 FC岐阜
49%
沖縄県 FC琉球
49%
鳥取県 ガイナーレ鳥取
48%
徳島県 徳島ヴォルティス
48%
福岡県 ギラヴァンツ北九州
48%
熊本県 ロアッソ熊本
47%
秋田県 ブラウブリッツ秋田
46%
富山県 カターレ富山
46%
石川県 ツエーゲン金沢
46%
愛媛県 愛媛FC
46%
岡山県 ファジアーノ岡山
45%
奈良県 奈良クラブ
44%
山口県 レノファ山口FC
43%
千葉県 ジェフユナイテッド市原・千葉
42%
福島県 福島ユナイテッドFC
42%
鹿児島県 鹿児島ユナイテッドFC
40%
神奈川県 SC相模原
40%
長崎県 V・ファーレン長崎
40%
岩手県 いわてグルージャ盛岡
39%
愛媛県 FC今治
39%
静岡県 アスルクラロ沼津
37%
長野県 AC長野パルセイロ
36%
静岡県 藤枝MYFC
36%
宮崎県 テゲバジャーロ宮崎
32%
青森県 ヴァンラーレ八戸FC
27%
神奈川県 横浜スポーツ&カルチャークラブ
12%
No matching quizzes found
Score Distribution
Percent of People with Each Score
Percentile by Number Answered
Your Score History
You have not taken this quiz